| 000 | 00479nam a22001337a 4500 | ||
|---|---|---|---|
| 022 | _a03267431 | ||
| 080 | _a349.2 R 327 | ||
| 245 |
_aRevista JurÃdica de Buenos Aires _bpresente y futuro del Derecho del Trabajo |
||
| 260 |
_aBuenos Aires _bFacultad de Derecho. Departamento de Publicaciones. _c2009 |
||
| 300 | _a347 P. | ||
| 650 |
_2IEDCYT _aderecho del trabajo _xprincipio de progresividad _xnegociación colectiva _xflexibilidad laboral |
||
| 945 |
_acd _d2017-08-16 |
||
| 999 |
_c4578 _d235082 |
||